ბათუმის შოთა რუსთაველის სახელმწიფო უნივერსიტეტის ბიბლიოთეკა

Georgian foreign policy : (ბიბ.ჩანაწერი № 57095)

000 -LEADER
fixed length control field 00878nam a22001937a 4500
005 - DATE AND TIME OF LATEST TRANSACTION
control field 20191118111430.0
008 - FIXED-LENGTH DATA ELEMENTS--GENERAL INFORMATION
fixed length control field 191118s2013 enk||||| |||| 00| 0 eng d
020 ## - INTERNATIONAL STANDARD BOOK NUMBER
International Standard Book Number 9789941062636
041 ## - LANGUAGE CODE
Language code of text/sound track or separate title eng
Language code of original geo
080 ## - UNIVERSAL DECIMAL CLASSIFICATION NUMBER
Universal Decimal Classification number 327(479.22)"20.." G-37
245 ## - TITLE STATEMENT
Title Georgian foreign policy :
Remainder of title the quest for sustainable security /
Statement of responsibility, etc. ed. by Kornely Kakachia and Michael Cecire.
264 ## - PRODUCTION, PUBLICATION, DISTRIBUTION, MANUFACTURE, AND COPYRIGHT NOTICE
Place of production, publication, distribution, manufacture Tbilisi :
Name of producer, publisher, distributor, manufacturer Konrad-Adenauer-Stiftung,
Date of production, publication, distribution, manufacture, or copyright notice 2013.
300 ## - PHYSICAL DESCRIPTION
Extent 219 p. ;
Dimensions 23 cm.
653 ## - INDEX TERM--UNCONTROLLED
keyword საქართველოს საგარეო პოლიტიკა XXI ს. საქართველოს საერთაშორისო ურთიერთობები XXI ს
653 ## - INDEX TERM--UNCONTROLLED
keyword პოლიტიკა
700 ## - ADDED ENTRY--PERSONAL NAME
Personal name Kakachia, Kornely
Relator term რედაქტორი
9 (RLIN) 5377
700 ## - ADDED ENTRY--PERSONAL NAME
Personal name Cecire, Michael
Relator term რედაქტორი
9 (RLIN) 5378
942 ## - ADDED ENTRY ELEMENTS (KOHA)
Source of classification or shelving scheme
Koha item type წიგნი
ეგზემპლარები
Withdrawn status Lost status Source of classification or shelving scheme Damaged status Not for loan Permanent Location Current Location Shelving location Date acquired Cost, normal purchase price Full call number Barcode Date last seen Copy number Price effective from Koha item type Public note
          ბათუმის შოთა რუსთაველის სახელმწიფო უნივერსიტეტის მთავარი ბიბლიოთეკა ბათუმის შოთა რუსთაველის სახელმწიფო უნივერსიტეტის მთავარი ბიბლიოთეკა წიგნსაცავი 2019-11-18 15.00 327(479.22) 59126 2019-11-18 59126 2019-11-18 წიგნი 15.00